00668 2200253 4500001002100000005001500021035002000036007000300056008004100059020002200100082000800122084001400130100001800144245003600162260003400198300004300232650001900275700001900294700001900313700002100332700002000353856003000373990001100403INLIS00000000000023420231109095748 a0010-1123000017ta231109 g 0 ind  a978-602-355-040-5 a635 a635 BAD p0 aMizu Istianto1 aProfil Komoditas Buah Nusantara aJakarta :bIAARD Press,c2015 av,; 255 hlm :billus, ;c15 cm x 21 cm 4abuah nusantara0 aCatur Hermanto0 aM. Prama Yufdy0 aSulusi Prabawati0 aSanuki Pratikno aperpustakaan bpsip sumbar a719/16